| 000 | 01940nam0a2200445 4500 | ||
|---|---|---|---|
| 001 | RU\NLR\BIBL_A\022609284 | ||
| 005 | 20251207045228.0 | ||
| 010 |
_a978-5-389-27719-9 _93000 |
||
| 035 | _a(NLR Aleph) 022609284 | ||
| 090 |
_a13471679 _c13471679 |
||
| 100 | _a20250826d2025 u y0rusy50 ca | ||
| 101 | 1 |
_arus _cchi |
|
| 102 | _aRU | ||
| 105 | _aa z 000yy | ||
| 181 | 0 |
_ai2 _baxxe |
|
| 181 | 0 |
_ab2 _bxb2e |
|
| 182 | 0 | _an | |
| 200 | 1 |
_aКнига гор и морей. Бестиарий Древнего Китая _fтексты Сунь Цзянькунь _gперевод с китайского и предисловие: Кирилл Батыгин _gиллюстрации Чэнь Сыюй |
|
| 203 |
_aТекст _aИзображение _bвизуальные _cнепосредственные |
||
| 210 |
_aМосква _cАзбука-Аттикус, КоЛибри _d2025 |
||
| 215 |
_a350, [1] с. _cил., цв. ил. _d25 |
||
| 333 | _a16+ | ||
| 517 | 1 | _aБестиарий Древнего Китая | |
| 605 |
_a"Каталог гор и морей" _lкитайский литературный памятник _92352884 _3RU\NLR\AUTH\661405579 |
||
| 606 | 1 |
_aГеография _xИстория _yКитай _zДревний период _91362206 _3RU\NLR\AUTH\66255632 |
|
| 606 | 1 |
_aДемонология _yКитай _92218848 _3RU\NLR\AUTH\661332470 |
|
| 606 | 1 |
_aТрадиционная культура _yКитай _92314973 _3RU\NLR\AUTH\661385252 |
|
| 686 | 1 | _aД8г(0)3 | |
| 686 | 1 | _aШ5(5Кит)3-332.4 | |
| 686 | 1 | _aЭ239(5Кит)-421.2 | |
| 686 | 1 | _aЭ319.1(54Кит),181 | |
| 686 | 1 | _aТ52(54Кит) | |
| 700 | 0 | _aСунь Цзянькунь | |
| 702 | 0 |
_aЧэнь Сыюй _4040 |
|
| 702 | 1 |
_aБатыгин _bК. В. _gКирилл Вадимович _4730 |
|
| 942 | _cBOOK | ||
| 980 | _aNB | ||